[Event "Karlsruhe Grenke op"]
[Site "Karlsruhe"]
[Date "2024.03.29"]
[Round "2"]
[White "Fedoseev, Vladimir1"]
[Black "Hinterreiter, Markus"]
[Result "1-0"]
[WhiteElo "2690"]
[BlackElo "2260"]
[PlyCount "95"]
[EventDate "2024.03.28"]
[EventType "swiss"]
[EventRounds "9"]
[EventCountry "GER"]
[SourceTitle "CB14_2024"]
[SourceDate "2024.04.01"]
[SourceVersion "1"]
[SourceVersionDate "2024.04.01"]
[SourceQuality "1"]

1. d4 d5 2. c4 c6 3. Nf3 Nf6 4. e3 Bf5 5. Nc3 e6 6. Nh4 Be4 7. f3 Bg6 8. Bd2 Nbd7 9. Nxg6 hxg6 10. Qc2 Bd6 11. 0-0-0 Qc7 12. g4 0-0-0 13. g5 Nh5 14. Be1 Ng3 15. Bxg3 Bxg3 16. f4 Bh4 17. Rg1 Kb8 18. Rg2 Nb6 19. c5 Nc8 20. Bd3 Ne7 21. Ne2 f6 22. Bxg6 fxg5 23. fxg5 e5 24. Bf7 Qd7 25. dxe5 Qh3 26. Nd4 Qxe3+ 27. Kb1 Rdf8 28. Re2 Qxg5 29. Ne6 Qf5 30. Qxf5 Nxf5 31. Nxf8 Rxf8 32. Be6 Ne7 33. Rg1 g6 34. Bh3 Rf3 35. Bg2 Rf4 36. Rf1 Rc4 37. Rc2 Rd4 38. a3 a5 39. e6 Nf5 40. Bh3 Ne7 41. Rg2 Rd3 42. Bg4 Rd4 43. h3 Rc4 44. Rc2 Re4 45. Re2 Rc4 46. Rf7 Ka7 47. Rh7 Bg5 48. Rf2 1-0

[Event "Prague Summer op-A 10th"]
[Site "Prague"]
[Date "2023.08.08"]
[Round "6"]
[White "Netusil, Miloslav"]
[Black "Hinterreiter, Markus"]
[Result "1-0"]
[WhiteElo "2159"]
[BlackElo "2206"]
[PlyCount "75"]
[EventDate "2023.08.04"]
[EventType "swiss"]
[EventRounds "9"]
[EventCountry "CZE"]
[SourceTitle "CBM 215 Extra"]
[Source "ChessBase"]
[SourceDate "2023.09.30"]
[SourceVersion "1"]
[SourceVersionDate "2023.09.30"]
[SourceQuality "1"]

1. e4 c5 2. c3 Nf6 3. e5 Nd5 4. Bc4 Nb6 5. Bb3 c4 6. Bc2 d6 7. exd6 Qxd6 8. b3 Nc6 9. bxc4 Nxc4 10. Qe2 Qe6 11. d3 Nd6 12. Be3 Qg4 13. f3 Qh4+ 14. Bf2 Qg5 15. Be3 Qh4+ 16. Bf2 Qg5 17. Be3 Qf6 18. Qd2 e5 19. Ne2 Nf5 20. Bf2 Bd6 21. Ng3 Nxg3 22. hxg3 0-0 23. Qe2 Qe7 24. g4 b5 25. Qe4 f5 26. Qxc6 Bb7 27. Qxb5 fxg4 28. Nd2 gxf3 29. gxf3 Rac8 30. d4 exd4+ 31. Kd1 Rxf3 32. Bxd4 Rf6 33. Bxf6 Bf3+ 34. Nxf3 Qxf6 35. Qd5+ Kf8 36. Ng5 Qxc3 37. Rf1+ Ke7 38. Qf7+ 1-0

[Event "Prague Summer op-A 10th"]
[Site "Prague"]
[Date "2023.08.06"]
[Round "4"]
[White "Schloffer, Jasmin Denise"]
[Black "Hinterreiter, Markus"]
[Result "1/2-1/2"]
[WhiteElo "2084"]
[BlackElo "2206"]
[PlyCount "33"]
[EventDate "2023.08.04"]
[EventType "swiss"]
[EventRounds "9"]
[EventCountry "CZE"]
[SourceTitle "CBM 215 Extra"]
[Source "ChessBase"]
[SourceDate "2023.09.30"]
[SourceVersion "1"]
[SourceVersionDate "2023.09.30"]
[SourceQuality "1"]

1. d4 Nf6 2. c4 g6 3. Nc3 d5 4. Nf3 Bg7 5. Bg5 Ne4 6. cxd5 Nxg5 7. Nxg5 e6 8. Qd2 h6 9. Nf3 exd5 10. e3 0-0 11. b4 Qd6 12. Rb1 Re8 13. Bd3 Bg4 14. Be2 Bf5 15. Bd3 Bg4 16. Be2 Bf5 17. Bd3 1/2-1/2

[Event "Oberliga Bayern 2122"]
[Site "Bayern"]
[Date "2022.05.08"]
[Round "8.4"]
[White "Hinterreiter, Markus"]
[Black "Kabatianski, Alexander"]
[Result "0-1"]
[WhiteElo "2217"]
[BlackElo "2301"]
[PlyCount "38"]
[EventDate "2021.10.24"]
[EventType "team-tourn"]
[EventRounds "9"]
[EventCountry "GER"]
[SourceTitle "EXT 2024"]
[Source "ChessBase"]
[SourceDate "2023.10.10"]
[SourceVersion "1"]
[SourceVersionDate "2023.10.10"]
[SourceQuality "1"]
[WhiteTeam "Trostberg"]
[BlackTeam "Nuernberg NT"]
[WhiteTeamCountry "GER"]
[BlackTeamCountry "GER"]

1. e4 e6 2. d4 d5 3. Nd2 c5 4. Ngf3 Nf6 5. e5 Nfd7 6. c3 Nc6 7. Bd3 Be7 8. 0-0 g5 9. b4 cxd4 10. cxd4 Nxb4 11. Be2 Nb6 12. Nb3 Nc4 13. Ne1 Qb6 14. Kh1 Bd7 15. f4 Ba4 16. Rf3 g4 17. Rc3 h5 18. Nd3 Rc8 19. Ba3 Nxd3 0-1

[Event "Landesliga Sued 1819"]
[Site "Bayern"]
[Date "2019.03.24"]
[Round "8.5"]
[White "Hinterreiter, Markus"]
[Black "Vogel, Johannes"]
[Result "1/2-1/2"]
[WhiteElo "2137"]
[BlackElo "2112"]
[PlyCount "171"]
[EventDate "2018.10.21"]
[EventType "team-tourn"]
[EventRounds "9"]
[EventCountry "GER"]
[SourceTitle "EXT 2022"]
[Source "ChessBase"]
[SourceDate "2021.10.06"]
[SourceVersion "1"]
[SourceVersionDate "2021.10.06"]
[SourceQuality "1"]
[WhiteTeam "Trostberg TSV"]
[BlackTeam "Haunstetten TSV"]
[WhiteTeamCountry "GER"]
[BlackTeamCountry "GER"]

1. e4 e5 2. Nf3 Nc6 3. Bc4 Nf6 4. d3 Bc5 5. c3 a6 6. 0-0 Ba7 7. a4 d6 8. Be3 0-0 9. Nbd2 Kh8 10. Bxa7 Rxa7 11. d4 Bg4 12. dxe5 dxe5 13. h3 Bh5 14. Qe2 Ra8 15. Rfd1 Qe7 16. Qe3 Rad8 17. Nb3 Rxd1+ 18. Rxd1 Nd8 19. Qc5 Qxc5 20. Nxc5 Bxf3 21. gxf3 c6 22. a5 g5 23. Rd6 Kg7 24. Nd3 Re8 25. b4 h5 26. Nc5 Rg8 27. Nd7 Nxd7 28. Rxd7 Kf6 29. Kf1 Rf8 30. Ke2 Rg8 31. Kd3 Rf8 32. Bb3 Rh8 33. Ba2 Rf8 34. Bc4 Rh8 35. Bb3 Rf8 36. Ke2 Rg8 37. Kf1 Rf8 38. Kg2 h4 39. Kf1 Rh8 40. Ke2 Rf8 41. Ke3 Rh8 42. Bc4 Rf8 43. Rd6+ Ke7 44. Rh6 Rg8 45. Ba2 Rf8 46. Bb3 Rg8 47. Bc4 Rf8 48. f4 exf4+ 49. Kf3 Rg8 50. Kg4 Rg7 51. f3 f6 52. Kf5 Nf7 53. Bxf7 Rxf7 54. Rg6 Rf8 55. e5 fxe5+ 56. Kxe5 Rd8 57. Rxg5 Rd3 58. Kxf4 Rxc3 59. Rg7+ Kf6 60. Rxb7 Rc4+ 61. Ke3 Ke6 62. Rb6 Kd5 63. Rb8 c5 64. bxc5 Rxc5 65. Rh8 Rc4 66. Rh6 Ke5 67. f4+ Rxf4 68. Re6+ Kxe6 69. Kxf4 Kd5 70. Kg4 Ke4 71. Kxh4 Kf4 72. Kh5 Kf5 73. Kh6 Kf6 74. Kh7 Kg5 75. Kg7 Kh4 76. Kf6 Kxh3 77. Ke6 Kg4 78. Kd6 Kf5 79. Kc6 Ke6 80. Kb6 Kd6 81. Kxa6 Kc6 82. Ka7 Kc7 83. a6 Kc8 84. Kb6 Kb8 85. a7+ Ka8 86. Ka6 1/2-1/2

[Event "Landesliga Sued 1819"]
[Site "Bayern"]
[Date "2019.02.24"]
[Round "7.4"]
[White "Hinterreiter, Markus"]
[Black "Billing, Christian"]
[Result "0-1"]
[WhiteElo "2137"]
[BlackElo "2208"]
[PlyCount "50"]
[EventDate "2018.10.21"]
[EventType "team-tourn"]
[EventRounds "9"]
[EventCountry "GER"]
[SourceTitle "EXT 2022"]
[Source "ChessBase"]
[SourceDate "2021.10.06"]
[SourceVersion "1"]
[SourceVersionDate "2021.10.06"]
[SourceQuality "1"]
[WhiteTeam "Trostberg TSV"]
[BlackTeam "Dillingen"]
[WhiteTeamCountry "GER"]
[BlackTeamCountry "GER"]

1. e4 c5 2. c3 d5 3. exd5 Qxd5 4. d4 Nf6 5. Nf3 Nc6 6. dxc5 Qxd1+ 7. Kxd1 Bg4 8. Ke1 e5 9. b4 0-0-0 10. Bb5 Nd5 11. h3 Bxf3 12. gxf3 g6 13. Bg5 Rd7 14. a3 Bg7 15. Ra2 f5 16. c4 Nc7 17. Bxc6 bxc6 18. Bd2 Rhd8 19. Kf1 Rd4 20. Rc2 Ne6 21. Kg2 Rd3 22. Bc3 Nf4+ 23. Kg3 Rd1 24. Rxd1 Rxd1 25. Rb2 Rh1 0-1

[Event "Regionalliga SO 1617"]
[Site "Bayern"]
[Date "2017.04.02"]
[Round "8.2"]
[White "Deues, Erik"]
[Black "Hinterreiter, Markus"]
[Result "0-1"]
[WhiteElo "1987"]
[BlackElo "2080"]
[PlyCount "79"]
[EventDate "2016.10.16"]
[EventType "team-tourn"]
[EventRounds "9"]
[EventCountry "GER"]
[SourceTitle "EXT 2019"]
[Source "ChessBase"]
[SourceDate "2018.10.10"]
[SourceVersion "1"]
[SourceVersionDate "2018.10.10"]
[SourceQuality "1"]
[WhiteTeam "Germering"]
[BlackTeam "Trostberg"]
[WhiteTeamCountry "GER"]
[BlackTeamCountry "GER"]

1. d4 d5 2. c4 c6 3. Nc3 Nf6 4. Nf3 a6 5. cxd5 cxd5 6. Bf4 Nc6 7. e3 Bg4 8. h3 Bxf3 9. Qxf3 e6 10. Be2 Qb6 11. Rb1 Be7 12. 0-0 0-0 13. Rfc1 Rfc8 14. b4 Qd8 15. a3 a5 16. Nb5 axb4 17. axb4 Ne4 18. Ra1 Nxb4 19. Kh2 Rxa1 20. Rxa1 Nc2 21. Rc1 g5 22. Bd3 Na3 23. Rxc8 Qxc8 24. Be5 Nxb5 25. Bxb5 Bd6 26. Bd3 Bxe5+ 27. dxe5 Qc3 28. Bxe4 Qxe5+ 29. g3 Qxe4 30. Qf6 Qf5 31. Qd8+ Kg7 32. Kg2 b5 33. g4 Qe4+ 34. Kg3 Qe5+ 35. Kg2 b4 36. Qe7 b3 37. Qb7 b2 38. f3 Qc3 39. Qb5 Qc2+ 40. Kg3 0-1

[Event "Regionalliga SO 1617"]
[Site "Bayern"]
[Date "2017.02.19"]
[Round "6.2"]
[White "Huber, Edwin"]
[Black "Hinterreiter, Markus"]
[Result "1-0"]
[WhiteElo "2121"]
[BlackElo "2080"]
[PlyCount "91"]
[EventDate "2016.10.16"]
[EventType "team-tourn"]
[EventRounds "9"]
[EventCountry "GER"]
[SourceTitle "EXT 2019"]
[Source "ChessBase"]
[SourceDate "2018.10.10"]
[SourceVersion "1"]
[SourceVersionDate "2018.10.10"]
[SourceQuality "1"]
[WhiteTeam "Ilmmuenster"]
[BlackTeam "Trostberg"]
[WhiteTeamCountry "GER"]
[BlackTeamCountry "GER"]

1. d4 Nf6 2. c4 c6 3. Nf3 d5 4. Nc3 a6 5. a4 e6 6. a5 c5 7. cxd5 Nxd5 8. e4 Nxc3 9. bxc3 cxd4 10. cxd4 Nc6 11. Be2 Bb4+ 12. Bd2 Bxa5 13. Bxa5 Nxa5 14. 0-0 0-0 15. Qd3 Bd7 16. Qc3 Nc6 17. Rfb1 b5 18. Rd1 Qb6 19. d5 exd5 20. exd5 Ne7 21. Ne5 Ra7 22. Qa3 Bf5 23. d6 Nc6 24. Nxc6 Qxc6 25. Qe3 Rd7 26. Bf3 Qc8 27. Qb6 Qb8 28. Rxa6 Rc8 29. Qe3 Bc2 30. Rd2 Re8 31. Rxc2 Rxe3 32. fxe3 Qe8 33. Ra8 Rd8 34. Rxd8 Qxd8 35. Bb7 Qxd6 36. Rc8+ Qf8 37. Kf2 Qxc8 38. Bxc8 Kf8 39. Ke2 Ke7 40. Kd3 Kd6 41. Kd4 f6 42. Bf5 h6 43. Bd3 Kc6 44. Ke4 g6 45. Kd4 f5 46. Ke5 1-0

[Event "Regionalliga SO 1617"]
[Site "Bayern"]
[Date "2016.11.20"]
[Round "2.2"]
[White "Hinterreiter, Markus"]
[Black "Kieffer, Joachim"]
[Result "1/2-1/2"]
[WhiteElo "2080"]
[BlackElo "2112"]
[PlyCount "85"]
[EventDate "2016.10.16"]
[EventType "team-tourn"]
[EventRounds "9"]
[EventCountry "GER"]
[SourceTitle "EXT 2019"]
[Source "ChessBase"]
[SourceDate "2018.10.10"]
[SourceVersion "1"]
[SourceVersionDate "2018.10.10"]
[SourceQuality "1"]
[WhiteTeam "Trostberg"]
[BlackTeam "Bruckmuehl"]
[WhiteTeamCountry "GER"]
[BlackTeamCountry "GER"]

1. e4 d6 2. d4 Nf6 3. Nc3 g6 4. Nf3 Bg7 5. Be2 0-0 6. 0-0 Bg4 7. Be3 Nc6 8. Qd2 e5 9. d5 Ne7 10. Rad1 Bd7 11. Bg5 Kh8 12. Ne1 Neg8 13. Nd3 h6 14. Bh4 Qe8 15. f3 Nh7 16. Nb1 f5 17. c4 h5 18. c5 g5 19. Bf2 fxe4 20. fxe4 Qg6 21. cxd6 cxd6 22. Nc3 Ngf6 23. Qe3 Bh6 24. Ne1 g4 25. Qd3 Ng5 26. Be3 a6 27. Bxg5 Qxg5 28. g3 Qe3+ 29. Kh1 Qxd3 30. Bxd3 Rac8 31. Ng2 Bg5 32. Rf2 Ng8 33. Rdf1 Rxf2 34. Rxf2 Kg7 35. Kg1 Ne7 36. Kf1 b5 37. a3 Bc1 38. Nd1 Rf8 39. Rxf8 Kxf8 40. Nge3 Ng8 41. Nc2 Bd2 42. Nb4 Bxb4 43. axb4 1/2-1/2

[Event "Bayern-ch"]
[Site "Rosenheim"]
[Date "2015.08.23"]
[Round "2"]
[White "Bilchinski, Anton"]
[Black "Hinterreiter, Markus"]
[Result "1-0"]
[WhiteElo "2276"]
[BlackElo "2035"]
[PlyCount "75"]
[EventDate "2015.08.22"]
[EventType "swiss"]
[EventRounds "9"]
[EventCountry "GER"]
[SourceTitle "EXT 2019"]
[Source "ChessBase"]
[SourceDate "2018.10.10"]
[SourceVersion "1"]
[SourceVersionDate "2018.10.10"]
[SourceQuality "1"]

1. d4 d5 2. c4 c6 3. Nc3 Nf6 4. e3 a6 5. Nf3 b5 6. b3 Bg4 7. Be2 e6 8. h3 Bb4 9. Bd2 Bh5 10. 0-0 Bd6 11. Ne5 Bxe2 12. Qxe2 0-0 13. f4 bxc4 14. bxc4 c5 15. dxc5 Bxc5 16. Na4 Bd6 17. Bc3 Ne4 18. Bd4 f6 19. Nd3 Ng3 20. Qg4 Qe8 21. Qxg3 Qxa4 22. cxd5 Qc4 23. Rfd1 Qxd5 24. Nf2 Qf5 25. Bxf6 Qxf6 26. Ne4 Qb2 27. Nxd6 Ra7 28. Nc4 Qb5 29. Ne5 Nc6 30. a4 Qb7 31. Rd7 Qxd7 32. Nxd7 Rxd7 33. Qf3 Ne7 34. Qe4 Rd6 35. Rb1 Rfd8 36. Rb7 Nf5 37. Qe5 h5 38. e4 1-0

[Event "Regionalliga SO 1415"]
[Site "Bayern"]
[Date "2014.11.23"]
[Round "3.4"]
[White "Waldner, Alois"]
[Black "Hinterreiter, Markus"]
[Result "1-0"]
[WhiteElo "1993"]
[BlackElo "2106"]
[PlyCount "73"]
[EventDate "2014.10.19"]
[EventType "team-tourn"]
[EventRounds "9"]
[EventCountry "GER"]
[SourceTitle "EXT 2018"]
[Source "ChessBase"]
[SourceDate "2017.10.13"]
[SourceVersion "1"]
[SourceVersionDate "2017.10.13"]
[SourceQuality "1"]
[WhiteTeam "Waldkraiburg"]
[BlackTeam "Trostberg"]
[WhiteTeamCountry "GER"]
[BlackTeamCountry "GER"]

1. e4 c5 2. Nf3 Nc6 3. d4 cxd4 4. c3 Nf6 5. e5 Nd5 6. cxd4 d6 7. exd6 e6 8. Nc3 Nxc3 9. bxc3 Bxd6 10. Bd3 h6 11. 0-0 Bd7 12. Re1 0-0 13. Rb1 b6 14. Bd2 Qc7 15. Qe2 f5 16. h4 Rae8 17. Ne5 Nxe5 18. dxe5 Bc5 19. Bb5 Rd8 20. Bc4 Bc8 21. Bf4 Qe7 22. h5 Bb7 23. Be3 Bd5 24. Bxc5 Qxc5 25. Bxd5 Rxd5 26. Rbc1 Rfd8 27. Rc2 Rd3 28. c4 R8d4 29. Rec1 Ra3 30. Rd2 Re4 31. Rd8+ Kh7 32. Qb2 Ra4 33. Qb5 Qxb5 34. cxb5 Rxa2 35. g3 f4 36. Rcc8 Re1+ 37. Kg2 1-0

[Event "Regionalliga SO 1314"]
[Site "Bayern"]
[Date "2014.04.06"]
[Round "9.3"]
[White "Lettl, Gerhard"]
[Black "Hinterreiter, Markus"]
[Result "0-1"]
[WhiteElo "2068"]
[BlackElo "2115"]
[PlyCount "71"]
[EventDate "2013.10.13"]
[EventType "team-tourn"]
[EventRounds "9"]
[EventCountry "GER"]
[SourceTitle "EXT 2015"]
[Source "ChessBase"]
[SourceDate "2014.11.20"]
[SourceVersion "1"]
[SourceVersionDate "2014.11.20"]
[SourceQuality "1"]
[WhiteTeam "Tegernsee"]
[BlackTeam "Trostberg"]
[WhiteTeamCountry "GER"]
[BlackTeamCountry "GER"]

1. e4 c5 2. c3 Nf6 3. e5 Nd5 4. Nf3 Nc6 5. Bc4 e6 6. d4 cxd4 7. cxd4 d6 8. 0-0 Be7 9. Bxd5 exd5 10. Qb3 0-0 11. Be3 dxe5 12. dxe5 Na5 13. Qd3 Nc4 14. Bd4 Be6 15. Nc3 Qd7 16. b3 Na5 17. Ne2 b6 18. Bc3 Nb7 19. b4 Rfc8 20. Nfd4 Rc4 21. f4 Bg4 22. Rab1 a5 23. bxa5 Nc5 24. Qe3 Ne4 25. axb6 Bxe2 26. Rfc1 Nxc3 27. b7 Rb8 28. Rxc3 Bc5 29. Rxc4 dxc4 30. Qxe2 Qxd4+ 31. Kh1 Rxb7 32. Rd1 Rb2 33. Qe1 Qxf4 34. Rd8+ Bf8 35. e6 Qf2 36. Qd1 0-1

[Event "Regionalliga SO 1314"]
[Site "Bayern"]
[Date "2014.03.16"]
[Round "8.4"]
[White "Krause, Christian"]
[Black "Hinterreiter, Markus"]
[Result "0-1"]
[WhiteElo "1990"]
[BlackElo "2115"]
[PlyCount "64"]
[EventDate "2013.10.13"]
[EventType "team-tourn"]
[EventRounds "9"]
[EventCountry "GER"]
[SourceTitle "EXT 2015"]
[Source "ChessBase"]
[SourceDate "2014.11.20"]
[SourceVersion "1"]
[SourceVersionDate "2014.11.20"]
[SourceQuality "1"]
[WhiteTeam "Ebersberg Grafing"]
[BlackTeam "Trostberg"]
[WhiteTeamCountry "GER"]
[BlackTeamCountry "GER"]

1. c4 e5 2. Nc3 Nf6 3. Nf3 Nc6 4. e4 Bc5 5. Be2 0-0 6. 0-0 d6 7. Ne1 Nd4 8. d3 c6 9. Nc2 d5 10. Na4 Nxe2+ 11. Qxe2 Bg4 12. Qe1 Bd6 13. c5 Bc7 14. b4 dxe4 15. dxe4 Qd3 16. Qc3 Be2 17. Re1 Nxe4 18. Qxd3 Bxd3 19. Na3 Nf6 20. Nb2 Bf5 21. Nac4 Nd5 22. Bd2 f6 23. a4 b6 24. cxb6 axb6 25. b5 cxb5 26. axb5 Bd7 27. Na3 Bd6 28. Nbc4 Bc5 29. Be3 Nxe3 30. fxe3 Ra4 31. Kf2 Be6 32. Rec1 Rfa8 0-1